Oeuvres complètes de La Rochefoucauld. (Record no. 156739)
[ view plain ]
| 000 -LEADER | |
|---|---|
| campo de control de longitud fija | 01173nam a2200253 i 4500 |
| 001 - NÚMERO DE CONTROL | |
| campo de control | 156739 |
| 003 - IDENTIFICADOR DE NÚMERO DE CONTROL | |
| campo de control | ES-MaACL |
| 005 - FECHA Y HORA DE LA ÚLTIMA TRANSACCIÓN | |
| campo de control | 20250929063223.0 |
| 008 - DATOS DE LONGITUD FIJA--INFORMACIÓN GENERAL | |
| campo de control de longitud fija | 990701m18831884fr |||| | fre d |
| 040 ## - FUENTE DE CATALOGACIÓN | |
| Centro catalogador/agencia de origen | GA |
| Lengua de catalogación | spa |
| Centro/agencia transcriptor | CCPB | 3D |
| 100 1# - ENTRADA PRINCIPAL--NOMBRE DE PERSONA | |
| Nombre de persona | La Rochefoucauld, François, |
| Títulos y otros términos asociados al nombre | duc de |
| 9 (RLIN) | 138636 |
| 245 10 - MENCIÓN DEL TÍTULO | |
| Título | Oeuvres complètes de La Rochefoucauld. |
| 250 ## - MENCION DE EDICION | |
| Mención de edición | Nouvelle éd. |
| Resto de la mención de edición | , avec des notices sur la vie de La Rochefoucauld et sur divers ouvrages, un choix de variantes, des notes, une table analytique des matières et un lexique / par A. Chassang. |
| 260 ## - PUBLICACIÓN, DISTRIBUCIÓN, ETC. | |
| Lugar de publicación, distribución, etc. | Paris : |
| Nombre del editor, distribuidor, etc. | Garnier Frères, |
| Fecha de publicación, distribución, etc. | 1883-1884 ( |
| Fabricante | Imprimerie A. Quantin) |
| 300 ## - DESCRIPCIÓN FÍSICA | |
| Extensión | 2 v. (XI, 469 ; VIII, 592 p.) ; |
| Dimensiones | 25 cm. |
| 490 1# - MENCIÓN DE SERIE | |
| Mención de serie | Chefs-d'oeuvre de la littérature française ; |
| Designación de volumen o secuencia | 50-51 |
| 505 8# - NOTA DE CONTENIDO CON FORMATO | |
| Nota de contenido con formato | Contiene : t. I Les mémoires ; Portraits ; Apologie de Marcillac -- t. II Les maximes ; Réflexions diverses ; correspondance |
| 596 ## - NOTA AL PIE DE IMPRENTA | |
| NOTA AL PIE DE IMPRENTA | Marca de ed. en port. |
| 599 ## - NOTA A LAS ILUSTRACIONES | |
| NOTA A LAS ILUSTRACIONES | Retr. del autor. |
| 700 0# - ENTRADA AGREGADA--NOMBRE PERSONAL | |
| Nombre de persona | Chassang, A. |
| 9 (RLIN) | 38159 |
| 830 0# - PUNTO DE ACCESO ADICIONAL DE SERIE-TÍTULO UNIFORME | |
| Título uniforme | Chefs-d'oeuvre de la littérature française ; |
| Designación de volumen o secuencia | 50-51 |
| 9 (RLIN) | 221714 |
| 852 ## - LOCALIZACIÓN | |
| Ubicación | ES-MaACL |
| Número de control de estantería | F-7617-18 |
| Nota libre | -- Enc. hol. |
| Estatus retirado | Estado de pérdida | Estado de daño | No para préstamo | Colección | Biblioteca de origen | Biblioteca actual | Ubicación en estantería | Fecha de adquisición | Total de préstamos | Signatura topográfica completa | Código de barras | Visto por última vez | Precio de reemplazo | Tipo de ítem Koha |
|---|---|---|---|---|---|---|---|---|---|---|---|---|---|---|
| Libros del s. XIX | Biblioteca del Ateneo de Madrid | Biblioteca del Ateneo de Madrid | Sala Pecera Planta 2 | 17/01/2008 | F-7617-18 | 1163985 | 23/02/2023 | 23/02/2023 | Libro impreso antiguo |
